SEC Cities - Statistics

General Stats
  • This quiz has been taken 801 times
  • The average score is 11 of 14
Answer Stats
SEC Teams City % Correct
Vanderbilt Nashville
89%
LSU Baton Rouge
88%
Georgia Athens, GA
87%
Florida Gainesville
86%
Alabama Tuscaloosa
85%
Missouri Columbia, MO
82%
South Carolina Columbia, SC
82%
Tennessee Knoxville
81%
Texas A&M College Station
79%
Kentucky Lexington, KY
79%
______ Auburn
69%
Ole Miss Oxford, MS
67%
Arkansas Fayetteville
61%
Mississippi State Starkville
59%
No matching quizzes found
Score Distribution
Percent of People with Each Score
Percentile by Number Answered
Your Score History
You have not taken this quiz